000 00212nam a2200085Ia 4500
008 120527s9999 xx 000 0 und d
100 _aWester, Drew
245 _aPsychology; brain, behavior and culture
942 _cBK
999 _c27609
_d27609